| 000 | 00643nam a2200253Ia 4500 | ||
|---|---|---|---|
| 001 | 11124 | ||
| 005 | 20240113235256.0 | ||
| 007 | ta | ||
| 008 | 050809s1954 g b000 u ben u | ||
| 040 | _aCotton College,Assam | ||
| 041 | _aben | ||
| 082 |
_a891.444 _bCh 458 Pr |
||
| 100 | _aChoudhury, Pramath. | ||
| 245 | 0 |
_aPrabandha Sangraha / _cPramath Choudhury. _hTextual Documents |
|
| 250 | _a2nd ed. / | ||
| 260 |
_aCalcutta : _bBiswa Bharati , _c1954. |
||
| 300 |
_a510p. ; _c22cm. |
||
| 653 | _aT/G-Bengali Essay | ||
| 942 |
_2ddc _cBK |
||
| 999 |
_c11111 _d11111 |
||